000 00766nam a2200241 i 4500
001 C2-0340571
003 PPAK
005 20180728142446.0
008 170130s2016 enka|||| ||||| | eng d
020 _a9781786060006
040 _aPPAK
_beng
_cPPAK
_erda
082 0 4 _a796.334092
_223
090 0 0 _a796.334092
_bDER
_dG
100 1 _aDerbyshire, Oliver,
_eauthor
245 1 0 _aJohn Terry :
_bcaptain, leader, champion
264 1 _aLondon :
_bJohn Blake Publishing ,
_c2016
300 _aviii, 408 pages :
_bcolour photographs ;
_c20 cm
336 _2rdacontent
_atext
337 _2rdamedia
_aunmediated
338 _2rdacarrier
_avolume
650 1 0 _aTerry, John, - 1980- ; Chelsea Football Club. ; Soccer players - England - Biography.
942 _ddc
_cB
999 _c137717
_d137717